| 000 | 00794nam a2200205 i 4500 | ||
|---|---|---|---|
| 001 | 21463 | ||
| 003 | ES-MaACL | ||
| 005 | 20250731014852.0 | ||
| 007 | t| | ||
| 008 | 021125s1975 sp ||||1| spa d | ||
| 100 | 1 |
_aAlcalá-Zamora, José, _d1939-2019 _919471 |
|
| 245 | 1 | 0 |
_aEspaña, Flandes y el Mar del Norte (1618-1639) _b: la última ofensiva europea de los Austrias madrileños / _cJosé Alcalá-Zamora y Queipo de Llano. |
| 260 |
_aBarcelona : _bPlaneta, _c[1975] |
||
| 300 |
_a556 p. : _bil., 1 map. pleg. ; _c21 cm. |
||
| 651 | 4 |
_aEspaña- _xPolítica exterior- _y1621-1665. _9155122 |
|
| 651 | 4 |
_aEspaña- _xHistoria- _y1621-1665, Felipe IV. _98235 |
|
| 651 | 4 |
_aEspaña- _xRelaciones- _zPaíses Bajos _98474 |
|
| 852 |
_aES-MaACL _jE-9526 _bR.94288 |
||
| 999 |
_c21463 _d21463 |
||